|
|
|
|
| LEADER |
00000nam a2200000 a 4500 |
| 001 |
1/127779 |
| 008 |
231201s2015####gr | ||| |||| ||gre|| |
| 020 |
|
|
|a 9786188059061
|
| 040 |
|
|
|a GR-MyUa
|b gre
|c GR-MyUa
|e AACR2
|
| 041 |
1 |
|
|a gre
|h fre
|
| 082 |
7 |
|
|a 921
|2 (23)
|
| 100 |
1 |
|
|a Cyrulnik, Boris.
|
| 245 |
1 |
0 |
|a Τρέξε να σωθείς, η ζωή σε καλεί /
|c Boris Cyrulnik ; μετάφραση Άννα Πλεύρη, Γιοβάνα Βεσσαλά.
|
| 260 |
|
|
|a Αθήνα :
|b Κέλευθος,
|c 2015.
|
| 300 |
|
|
|a 293 σ. ;
|c 21 εκ.
|
| 500 |
|
|
|a Τίτλος πρωτοτύπου: Sauve-toi, la vie t'appelle.
|
| 504 |
|
|
|a Περιλαμβάνει βιβλιογραφικές παραπομπές.
|
| 650 |
|
0 |
|a Psychologists
|x Biography
|z France.
|
| 650 |
|
0 |
|a Neuropsychiatry
|z France
|x History
|x Biography.
|
| 650 |
|
0 |
|a Jews
|z France
|y 20th century
|x Biography.
|
| 852 |
|
|
|a INST
|b SYROS
|e 20231128
|h 921 CYR
|p 005500016313
|q 005500016313
|t BK
|y 0
|
| 970 |
|
|
|a Κοντού
|b Παρασκευή
|z 01/12/2023
|